00000000nam 2200000zi 4500
0019.945436
003CaOODSP
00520250324130959
006m     o  d f      
007cr mn|||||||||
008241121t19821982onco    or   f000 0 fre d
020 |z066291807X
040 |aCaOODSP|bfre|erda|cCaOODSP
043 |an-cn---
0861 |aCo22-37/1982F-PDF|zCo22-37/1982F
24500|aSystémes et services de bureautique : |brépertoire des fournisseurs canadiens d'équipement et de services de bureautique / |cpréparé par la Evert Communications Ltd.
264 1|a[Ottawa] : |bGouvernement du Canada, Ministère des Communications = Government of Canada, Department of Communications, |cle 31 mars 1982.
264 4|c©1982
300 |a1 ressource en ligne (100 pages) : |bphotographies
336 |atexte|btxt|2rdacontent/fre
337 |ainformatique|bc|2rdamedia/fre
338 |aressource en ligne|bcr|2rdacarrier/fre
500 |aÉdition numérisée de l'imprimé [par Innovation, sciences et développement économique Canada].
500 |aPublié aussi en anglais sous le titre : Office communications systems and services : a directory of Canadian suppliers of office automation equipment and services.
650 6|aPolitique scientifique et technique|zCanada.
650 6|aMachines de bureau|zCanada.
650 6|aBureaux|xAppareils et matériel|zCanada.
650 6|aBureautique|xPolitique gouvernementale|zCanada.
7101 |aCanada. |bMinistère des communications, |eorganisme de publication.
7102 |aEvert Communications Ltd., |econsultant.
77508|tOffice communications systems and services : |w(CaOODSP)9.945435
85640|qPDF|s6.17 Mo|uhttps://publications.gc.ca/collections/collection_2024/isde-ised/co22/Co22-37-1982-fra.pdf